Disney Duos - Statistics

General Stats
  • This quiz has been taken 126 times
  • The average score is 12 of 20
Answer Stats
Hint Answer % Correct
Mickey's girlfriend Minnie Mouse
100%
Stitch's human friend Lilo
93%
Peter Pan's helper Tinkerbell
92%
Timon's friend Pumbaa
91%
Pinocchio's conscience Jiminy Cricket
83%
Kristoff's reindeer Sven
81%
Pooh's best friend Piglet
79%
Mulan's dragon Mushu
75%
Captain Hook's lieutenant Mr. Smee
73%
Lumiere's coworker Cogsworth
68%
Jafar's henchman Iago
67%
Roger Rabbit's wife Jessica Rabbit
58%
Flotsam's partner Jetsam
54%
Yzma's henchman Kronk
52%
Wreck-It-Ralph's antithesis Fix-It-Felix
47%
Hercules's trainer Philoctetes
43%
Tiana's wealthy friend Charlotte
39%
Prince Eric's advisor Grimsby
23%
Judy Hopps's boss Chief Bogo
13%
Katrina's suitor Ichabod Crane
8%
No matching quizzes found
Score Distribution
Percent of People with Each Score
Percentile by Number Answered
Your Score History
You have not taken this quiz